| 000 | 01096nam a2200373 i 4500 | ||
|---|---|---|---|
| 001 | 25217 | ||
| 003 | KOSZ 005 | ||
| 005 | 20211227142805.0 | ||
| 008 | 980702s1995 pl a f |000 0 pol | ||
| 015 | _aPB 1996/12833 | ||
| 020 | _a8385701648 | ||
| 040 |
_aWA N _cWA N _dKOSZ 005/HR |
||
| 046 | _k1995 | ||
| 080 | _a004.42 | ||
| 080 | _a004.92 | ||
| 080 | _a744 | ||
| 080 | _a(07) | ||
| 100 | 1 |
_aPikoń, Andrzej _eAutor |
|
| 245 | 1 | 0 |
_aAutoCAD 12 PL dla początkujących / _cAndrzej Pikoń. |
| 260 |
_aGliwice : _b"Helion", _ccop. 1995. |
||
| 300 |
_a245 s. : _brys. ; _c24 cm. |
||
| 380 | _aKsiążki | ||
| 388 | _a1901-2000 | ||
| 388 | _a1989-2000 | ||
| 650 | 4 | _aProgramy graficzne | |
| 650 | 4 | _aProjektowanie wspomagane komputerowo | |
| 650 | 4 | _aAutoCAD | |
| 655 | 4 | _aRysunek techniczny | |
| 655 | 4 | _aPodręcznik | |
| 658 | _aInformatyka i technologie informacyjne | ||
| 710 | 2 |
_aHelion _4pbl. |
|
| 856 |
_uhttp://koha.tu.koszalin.pl/cgi-bin/koha/opac-detail.pl?biblionumber=25217 _yKatalog online BPK |
||
| 942 |
_2UKD _cKS |
||
| 999 |
_c25217 _d25217 |
||